000
00247nam a2200097Ia 4500
001
715178
005
20250826162919.0
008
250824s9999 xx 000 0 und d
245
0
_a
GÜNEŞ YİYEN ÇİNGENE
_c
BUKET UZUNER
260
_b
EVEREST YAYINLARI
999
_c
715178
_d
715178